| 000 | 00686cab a22001935a 4500 | ||
|---|---|---|---|
| 001 | L156939 | ||
| 008 | 120731s2012 xxka f 000 0 eng d | ||
| 035 | _a(Sirsi) u156939 | ||
| 041 | 0 | _aeng | |
| 100 | 1 | _aLowsley, Stephen | |
| 245 | 0 | 0 |
_aBack to the future _bthe why and when of prospective and retrospective delay analysis |
| 260 | _c2012 | ||
| 490 |
_aCivil Engineering Surveyor _vJuly/August 2012, 25-28(4) |
||
| 520 | _aDiscusses JCT 05, advice from the Society of Construction Law's 'delay and disruption protocol', concurrency, and employer v contractor culpable events. | ||
| 651 | 4 |
_aUnited Kingdom _y |
|
| 690 |
_aContracts _96232 |
||
| 700 | 1 | _aSadler, Ken | |
| 942 | _n0 | ||
| 999 |
_c84206 _d84206 |
||